[Event "Thessaloniki Triandria op 5th"]
[Site "Thessaloniki"]
[Date "2012.04.18"]
[Round "2"]
[White "Betsakos, Konstantinos"]
[Black "Papaignatiou, Dimitrios Theodoros"]
[Result "1-0"]
[WhiteElo "1400"]
[BlackElo "1005"]
[PlyCount "57"]
[EventDate "2012.04.17"]
[EventType "swiss"]
[EventRounds "7"]
[EventCountry "GRE"]
[SourceTitle "EXT 2014"]
[Source "ChessBase"]
[SourceDate "2013.11.20"]
[SourceVersion "1"]
[SourceVersionDate "2013.11.20"]
[SourceQuality "1"]

1. d4 d5 2. c4 c6 3. Nc3 Nf6 4. e3 Ne4 5. Qc2 Bf5 6. Bd3 Nxc3 7. Bxf5 g6 8. Bxg6 hxg6 9. Qxc3 dxc4 10. Qxc4 Qc7 11. Nf3 e6 12. Bd2 Bd6 13. h3 b5 14. Qc3 e5 15. dxe5 b4 16. exd6 bxc3 17. dxc7 cxd2+ 18. Kxd2 Na6 19. Rac1 Nxc7 20. Rxc6 Rd8+ 21. Ke2 Ne6 22. Ne5 Ng7 23. Rc7 Ne6 24. Rxa7 Rf8 25. Nc6 Rd7 26. Ra8+ Nd8 27. Rd1 Rh8 28. Rxd8+ Rxd8 29. Rxd8# 1-0